| 000 | 00390nam a22001577a 4500 | ||
|---|---|---|---|
| 003 | OSt | ||
| 008 | 200704b ||||| |||| 00| 0 eng d | ||
| 020 | _a9780198069836 | ||
| 100 | _aCHATTERJI, Madhumita | ||
| 245 | _aCorporate Social Responsibility | ||
| 250 | _a11th IMP | ||
| 260 |
_aNew Delhi _bOxford University Press India _c2019 |
||
| 300 | _a348 | ||
| 650 | _aMBA | ||
| 942 |
_2ddc _cBK |
||
| 999 |
_c8694 _d8694 |
||